000 00262nam a22001217a 4500
008 260407b ||||| |||| 00| 0 eng d
041 _aShqip
080 _a1.1
100 _a30
101 _ahis
245 _aMonumente Ushtarake
_cNaser Ferri
942 _2lcc
_cBK
999 _c60963
_d60963